Statistiques concernant Nct membre

Cliquez ici pour prendre le quiz!

Statistiques générales

  • Ce quiz a été pris 321 fois
  • Le résultat moyen est 21 sur 23

Statistiques - réponses

membre% Correct
15Mark
98%
1Taeyong
98%
14Johnny
97%
6Haechan
94%
13Jaemin
94%
11Taeil
94%
3Jaehyun
93%
18Lucas
93%
7Ten
93%
2Doyoung
92%
8Jeno
92%
12Jisung
92%
5Yuta
92%
10Chenle
91%
4Winwin
91%
9Renjun
89%
22Shotaro
88%
21Yang-Yang
88%
16kun
87%
20Hendery
86%
17Jungwoo
86%
19Xiaojun
86%
23Sungchan
85%

Distribution des résultats

Percentile par nombre de réponses

% des personnes avec chaque résultat

Votre développement - résultats

Vous n’avez pas pris ce quiz